Loading...

International encyclopedia of the social sciences

Bibliographic Details
Main Author: Sills, David L
Format: Printed Book
Published: New York, Macmillan and Free Press 1968
Series:13-14
Subjects:
LEADER 005500000a22001810004500
020 |a 0-02-895760-1 
041 |a en 
082 |a 300.3 K8.13-14 
100 |a Sills, David L 
245 |a International encyclopedia of the social sciences 
260 |a New York, Macmillan and Free Press 
260 |c 1968 
490 |a 13-14 
650 |a Encyclopedia 
650 |a Social Science 
942 |c BK 
999 |c 149321  |d 149317 
952 |0 0  |1 0  |4 0  |6 300_300000000000000_K8_1314  |7 0  |9 148148  |a SCK  |b SCK  |d 2017-10-23  |l 0  |o 300.3 K8.13-14  |p SCK01762  |r 2017-10-23  |w 2017-10-23  |y BK